Más tájakon. Párizsi napló a Dâmbovia partján. Az első forduló. Pantheon
Elmentve itt :
| Szerző: | |
|---|---|
| Adatforrás: | Meister |
| Forrásdokumentuma: | A Hét. - 18-19 ; 20-21 ; 22 sz., 1995, 11 p. |
| Nyelv: | magyar |
| Kulcsszavak: | politikai publicisztika franciák Franciaország JOSPIN Lionel BALLADUR Edouard CHIRAC Jacques MITTERAND Francois |
| LEADER | 00577nab a2200193 i 4500 | ||
|---|---|---|---|
| 001 | bibPRO00005926 | ||
| 008 | 060524s1995 xx hun | ||
| 040 | |a Sz1 | ||
| 041 | |a hun | ||
| 100 | 1 | |a BARACS Dénes | |
| 245 | 1 | 0 | |a Más tájakon. Párizsi napló a Dâmbovia partján. Az első forduló. Pantheon |c BARACS Dénes |
| 695 | |a politikai publicisztika | ||
| 695 | |a franciák | ||
| 695 | |a Franciaország | ||
| 695 | |a JOSPIN Lionel | ||
| 695 | |a BALLADUR Edouard | ||
| 695 | |a CHIRAC Jacques | ||
| 695 | |a MITTERAND Francois | ||
| 773 | 0 | |t A Hét. - |g 18-19 ; 20-21 ; 22 sz., 1995, 11 p. | |